|
|
|
|
| LEADER |
01654nam a2200325 a 4500 |
| 001 |
0020914 |
| 003 |
BD-DhAAL |
| 008 |
100927s1970 bg w 000 0 eng d |
| 040 |
|
|
|a BD-DhAAL
|c BD-DhAAL
|
| 082 |
0 |
0 |
|a 348.5492046
|
| 130 |
0 |
|
|a DLR
|9 4141
|
| 245 |
0 |
4 |
|a The Dacca law reports :
|b fortnightly law journal : table of cases of the High Court of East Pakistan.
|n Volume XXII /
|c Obaidul Haque Chowdhury, editor.
|
| 246 |
1 |
7 |
|a The Dhaka Law Reports.
|
| 260 |
|
|
|a Dacca [Bangladesh] :
|b Dacca Law Reports,
|c 1970.
|
| 300 |
|
|
|a 873 p. ;
|c 25 cm
|
| 362 |
0 |
|
|a Vol. 22 (1970)
|
| 500 |
|
|
|a Table of cases of the High Court of East Pakistan.
|
| 500 |
|
|
|a "A journal of law reports."
|
| 500 |
|
|
|a Latest issue consulted: Vol.XXII, January to December, 1970
|
| 526 |
|
|
|a SOL
|x Saira Rahman Khan,
Associate Professor
School of Law
BRAC University
|
| 541 |
|
|
|e 0020914, 0022307
|a Anupam Gyan Bhandar
|
| 590 |
|
|
|a Published yearly.
|
| 650 |
|
0 |
|a Law reports, digests, etc.
|z Bangladesh.
|9 4142
|
| 650 |
|
0 |
|a Law reports, digests, etc.
|z India
|z Bengal.
|9 4143
|
| 710 |
1 |
|
|a Chowdhury,Obaidul Haque.
|9 1116
|
| 852 |
1 |
|
|a Ayesha Abed Library
|c Reference shelf
|
| 942 |
|
|
|2 ddc
|c 1HOUR
|0 1
|
| 999 |
|
|
|c 10672
|d 10672
|
| 952 |
|
|
|0 0
|1 0
|2 ddc
|4 0
|6 348_549204600000000_DAC
|7 0
|8 REF
|9 16038
|a BRACUL
|b BRACUL
|c REF
|d 2011-04-10
|l 15
|o 348.5492046 DAC
|p 3010022307
|r 2018-07-10
|s 2018-07-10
|t 2
|w 2011-04-10
|y 1HOUR
|
| 952 |
|
|
|0 0
|1 0
|2 ddc
|4 0
|6 348_549204600000000_DAC
|7 0
|8 REF
|9 24037
|a BRACUL
|b BRACUL
|c REF
|d 2014-03-29
|e Anupam Gyan Bhandar
|l 0
|o 348.5492046 DAC
|p 3010020914
|r 2014-03-29
|t 1
|w 2014-03-29
|y 1HOUR
|x Requisitioned by Saira Rahman Khan, Associate Professor, School of Law, BRAC University.
|